Hacia la consolidación de la paz /
Guardat en:
| Autor corporatiu: | , |
|---|---|
| Format: | Text |
| Publicat: |
San José:
DIE
|
| Etiquetes: |
Afegir etiqueta
Sense etiquetes, Sigues el primer a etiquetar aquest registre!
|
MARC
| LEADER | 00000 a a2200000 04500 | ||
|---|---|---|---|
| 001 | 23550 | ||
| 003 | |||
| 040 | |||
| 090 | |a 164700 | ||
| 110 | |a Empresarios de la Microempresa de la Región Central de América, Comité Coordinador | ||
| 245 | |a Hacia la consolidación de la paz / |c Empresarios de la Microempresa de la Región Central de América, Comité Coordinador | ||
| 260 | |a San José: |b DIE | ||
| 300 | |a 172 p | ||
| 710 | |a COCEMI | ||
| 999 | |c 9854 |d 9854 | ||
